Foreign language and mother tongue
Guardat en:
| Autors principals: | , |
|---|---|
| Format: | Llibre |
| Idioma: | anglès |
| Publicat: |
Mahwah
Lawrence Erlbaum Associates
2000
|
| Matèries: | |
| Etiquetes: |
Afegir etiqueta
Sense etiquetes, Sigues el primer a etiquetar aquest registre!
|
MARC
| LEADER | 00000nam a2200000 a 4500 | ||
|---|---|---|---|
| 001 | UCM0990 | ||
| 003 | CL-VaPUC | ||
| 008 | 020322e20000000us |||||||||||||||||eng|d | ||
| 082 | 0 | 4 | |a 404.2 |b KEC |2 21 |
| 100 | 0 | |a Kecskes, Istvan |e author |9 467986 | |
| 700 | 0 | |a Papp, Tünde |e author |9 467987 | |
| 245 | 1 | 0 | |a Foreign language and mother tongue |
| 300 | |a 148 p | ||
| 942 | |c BK | ||
| 945 | |d 20020322 00:00:00 |a cmena | ||
| 260 | |a Mahwah |b Lawrence Erlbaum Associates |c 2000 | ||
| 650 | 0 | |a Multilingüismo |9 416318 | |
| 650 | 7 | |a LENGUA MATERNA |2 CL-VaPUC |9 356351 | |
| 650 | 0 | |a Bilingüismo |9 307482 | |
| 650 | 0 | |a Enseñanza del lenguaje |9 373325 | |
| 583 | |a last modification |c 20171120 05:10:46 |k Rodrigo Vera | ||
| 999 | |c 299716 |d 299714 | ||
| 952 | |0 0 |1 0 |4 0 |6 404_200000000000000_KEC_2000 |7 0 |8 A |9 356596 |a FDOPOS |b FDOPOS |d 2019-11-21 |i 3799956 |o 404.2 KEC 2000 |p 3799956 |r 2025-01-22 |w 2019-11-21 |y BK |k MLA | ||